Statystyki dla Fińskie rzeczy - quiz obrazkowy

Kliknij tutaj aby rozwiązać quiz!

Ogólne statystyki

  • Ten quiz został rozwiązany 192 razy
  • Średni wynik to 8 z 18

Statystyki odpowiedzi

Odpowiedź% Poprawnych
Mikołaj
100%
Sauna
98%
zorza polarna
91%
Helsinki
90%
Angry Birds
88%
Nokia
85%
Muminki
82%
Linux
62%
Nordic walking
43%
Wojna zimowa
38%
Kimi Räikkönen
27%
Turku
19%
Jean Sibelius
8%
Alvar Aalto
3%
Światowych Mistrzostw Gitary Powietrznej / Air Guitar World Championship
3%
Eero Saarinen
2%
Molotowcocktail
2%
Wife-carrying/Eukonkanto
1%

Rozkład punktacji

Percentyl według liczby udzielonych odpowiedzi

Procent ludzi z każdym wynikiem

Twoja historia wyników

Nie rozwiązałeś tego quizu